|
|
|
|
| LEADER |
00000cam a2200000 7i4500 |
| 001 |
0000008533 |
| 002 |
000009301 |
| 005 |
20000330.0 |
| 020 |
|
|
|a 9813051299
|
| 090 |
0 |
0 |
|a JF
|b BOO
|
| 245 |
0 |
0 |
|a Brain boosters
|
| 260 |
|
|
|a Singapore :
|b Bookworm Publishing ,
|c 1994
|
| 300 |
|
|
|a 76p. :
|b ill. ;
|c 21cm.
|
| 490 |
0 |
|
|a Bookworm
|
| 650 |
0 |
0 |
|a Children's stories
|
| 999 |
|
|
|a 047157
|b BUKU
|c PINJAMAN
|e PERPUSTAKAAN KOMUNITI PETALING JAYA
|
| 999 |
|
|
|a 047158
|b BUKU
|c PINJAMAN
|e PERPUSTAKAAN KOMUNITI CAW KOTA DAMANSARA
|
| 999 |
|
|
|a 050953
|b BUKU
|c PINJAMAN
|e PERPUSTAKAAN KOMUNITI PETALING JAYA
|
| 999 |
|
|
|a 050954
|b BUKU
|c PINJAMAN
|e PERPUSTAKAAN KOMUNITI PETALING JAYA
|
| 999 |
|
|
|a 050955
|b BUKU
|c PINJAMAN
|e PERPUSTAKAAN KOMUNITI PETALING JAYA
|